|
|
|
|
| LEADER |
00000nam a2200000 a 4500 |
| 001 |
vtls010587717 |
| 003 |
SK-MaSNL |
| 005 |
20260301183627.0 |
| 008 |
240315s1975 xo 000 0 slo |
| 015 |
|
|
|a SNBA1975
|
| 040 |
|
|
|a SNK
|b slo
|c SNK
|e AACR2
|
| 041 |
0 |
|
|a slo
|
| 044 |
|
|
|a xo
|c SK
|
| 080 |
|
|
|a 791
|2 1981
|
| 080 |
|
|
|a (047.31)
|2 1981
|
| 100 |
1 |
|
|a Mihálik, Peter
|4 aut
|9 279034
|
| 245 |
1 |
0 |
|a Filmové dielo ako systém
|b (úvahy o metodológií výskumu filmového diela)
|c Peter Mihálik
|
| 260 |
|
|
|a Bratislava
|b Slovenský filmový ústav
|c 1975
|
| 300 |
|
|
|a 30 s.
|c 4°
|
| 490 |
1 |
|
|a Problémy filmovej teórie a estetiky
|
| 650 |
0 |
7 |
|a film
|2 SNKPH
|9 1425
|
| 655 |
|
7 |
|a výskumné správy
|2 SNKPH
|9 70491
|
| 830 |
|
0 |
|a Problémy filmovej teórie a estetiky
|9 559128
|
| 958 |
|
|
|a OND
|
| 958 |
|
|
|a RM
|
| 999 |
|
|
|c 857730
|d 859660
|
| 952 |
|
|
|a SNK
|b SNK
|y PREZ
|7 0
|p 17A0851771
|o snkSB 45203
|i snkD 1869/89
|8 1
|0 0
|1 0
|4 0
|d 2014-04-04
|f 1
|l 0
|r 2026-02-24 05:02:07
|w 2026-02-24
|